| 000 | 01018nam a2200277 u 4500 | ||
|---|---|---|---|
| 001 | 000002240 | ||
| 003 | OSt | ||
| 005 | 20260527074041.0 | ||
| 008 | 090701s1990 dr r 000 0 spa d | ||
| 040 |
_aDO-SdBNP _bspa _cBNPHU |
||
| 082 |
_a324.27293 _bB742p |
||
| 100 | 1 |
_a Bosch, Juan, _d1909-2001 _c1909-2001 _976555 |
|
| 245 | 1 | 3 |
_aEl P.L.D. / _cJuan Bosch. |
| 260 |
_aSanto Domingo : _bAlfa & Omega, _c1990. |
||
| 300 |
_a326 p. ; _c21 cm. |
||
| 490 | 1 | _aEstudios sociales | |
| 520 | _aEl contenido de esta obra "se ha formado con los folletos escritos para los círculos de estudio del Partido de la Liberación Dominicana" | ||
| 590 | _aInventariado, 2019/MFF | ||
| 650 | 4 |
_aPartido de la liberación dominicana _91909 |
|
| 650 | 0 |
_aPartidos políticos _zRepública Dominicana _9285 |
|
| 651 | 0 |
_aRepública Dominicana _xPolítica y gobierno _945 |
|
| 651 | 4 |
_aRepública Dominicana _xHistoria _9170 |
|
| 830 | 0 |
_aEstudios sociales _97147 |
|
| 910 | _aValidado. Control de calidad MMOLINA | ||
| 942 |
_2ddc _cLBS1 |
||
| 999 |
_c2088 _d2088 |
||